000 01312nam a2200289Ia 4500
003 OSt
005 20201019165147.0
008 191128t1989 ck gr 000 0dspa d
020 _a9589518613
040 _aCO-JMCR
_cCO-JMCR
041 0 _aspa
082 0 4 _a986.1076 /
_bJ617n
_223
100 1 _aJimeno, Ramón,
_eautor
_910991
245 1 0 _aNoche de lobos /
_cRamón Jimeno
250 _aPrimera edición
260 _aBogotá :
_bSiglo Veintiuno,
_c©1989
300 _a218 páginas ;
_c21 cm.
500 _aIncluye datos biográficos del autor en la solapa del libro.
504 _aBibliografía: página [219]
505 0 _aLa decisión -- Cada cual en su ley -- Los lobos -- ¡Que haya acción! -- Del comandante en jefe -- El fuego final -- Cuentas alegres de un saldo trágico -- La bruma -- Epílogo -- Notas -- Bibliografía
520 3 _aEl 6 y 7 de noviembre se 1985 se desarrolló en Bogotá uan de las batallas más violentas de la historia de Colombia. Un episodio tan drámatico como el del Palacio de Justicia debe ser comprendido.
650 1 4 _aActividades subversivas
_910992
_zColombia
650 1 4 _aGuerrillas
_xhistoria
_y1985
_zColombia
_911702
650 1 4 _aPalacio de Justicia
_xhistoria
_y1985
_zColombia
_911703
651 4 _aColombia
_xhistoria
_y1985
_911704
942 _2ddc
_cBK
999 _c3526
_d3526